000 00809nam a22001457a 4500
020 _a978-1-4169-3403-5
082 _a823
_bDIX/H
100 _aDIXON, FRANKLIN W
245 _aTHE HARDY BOYS - BAYPORT BUCCANEERS
260 _aNEW YORK
_bALADDIN PAPERBACKS
_c2007
300 _a163
520 _aMISSION: Investigate sabotage on the set of a pirate-themed, action-packed reality television show. LOCATION: Bayport waterfront. POTENTIAL VICTIMS: Show contestants and crew members. SUSPECTS: The surly mechanic on the set seems out for revenge, but there are also more than a few competitive contestants who will do anything to win.... This mission requires your immediate attention. This message will be erased in five seconds.
650 _aMYSTERY STORY
_zUNITED STATES
942 _cBK
999 _c7809
_d7809